[Event "World Junior U20 Girls 2018"]
[Site "Gebze"]
[Date "2018.09.11"]
[Round "7"]
[White "Li, Xinyu"]
[Black "Zairbek kyzy, Begimay"]
[Result "0-1"]
[WhiteElo "2086"]
[BlackElo "1770"]
[Annotator "NA"]
[PlyCount "142"]
[EventDate "2018.09.05"]
[EventType "swiss"]
[EventCountry "TUR"]
[SourceTitle "playchess.com"]
[Source "ChessBase"]
[SourceQuality "1"]
[TimeControl "40/5400+30:1800+30"]

1. d4 {[%emt 0:00:30]} d5 {[%emt 0:00:30]} 2. c4 {[%emt 0:00:30]} e6 {[%emt 0:00:30]} 3. Nc3 {[%emt 0:00:00]} Nf6 {[%emt 0:00:00]} 4. Nf3 {[%emt 0:00:00]} Be7 {[%emt 0:00:00]} 5. Bg5 {[%emt 0:00:00]} Nbd7 {[%emt 0:00:00]} 6. e3 {[%emt 0:00:00]} c6 {[%emt 0:00:00]} 7. Rc1 {[%emt 0:00:00]} O-O {[%emt 0:00:30]} 8. Bd3 {[%emt 0:00:00]} Re8 {[%emt 0:00:30]} 9. O-O {[%emt 0:00:30]} Nf8 {[%emt 0:02:30]} 10. Qc2 {[%emt 0:03:30]} Ng6 {[%emt 0:04:30]} 11. Rfd1 {[%emt 0:02:30]} dxc4 {[%emt 0:01:30]} 12. Bxc4 {[%emt 0:00:00]} Nd5 {[%emt 0:00:30]} 13. Bxe7 {[%emt 0:01:00]} Qxe7 {[%emt 0:00:30]} 14. a3 {[%emt 0:07:30] D66: Queen's Gambit Declined: Classical: Main Line (7 Rc1 c6 8 Bd3)} Bd7 {[%emt 0:08:30]} 15. Bd3 {[%emt 0:03:30]} Nf8 $146 {[%emt 0:01:30]} ({Predecessor:} 15... Rec8 16. g3 Nf6 17. Na4 b6 18. Rb1 c5 19. dxc5 Bxa4 20. Qxa4 Rxc5 {1-0 (35) Kuligowski,A (2465)-Erlingsson,J (2225) Reykjavik 1982}) 16. Ne4 {[%emt 0:03:30]} Rad8 {[%emt 0:03:30]} 17. Qb3 {[%emt 0:08:30]} Bc8 {[%emt 0:04:30]} 18. Qa4 {[%emt 0:00:30]} a6 {[%emt 0:01:30]} 19. b4 {[%emt 0:00:30]} Nd7 {[%emt 0:01:30]} 20. Nc5 {[%emt 0:00:30]} h6 {[%emt 0:06:30]} 21. Qb3 {[%emt 0:01:30]} N5f6 {[%emt 0:01:30]} 22. e4 {[%emt 0:05:30]} e5 {[%emt 0:02:30]} 23. dxe5 {[%emt 0:16:30]} Nxe5 {[%emt 0:00:30]} 24. Nxe5 {[%emt 0:00:30]} Qxe5 {[%emt 0:00:30]} 25. Bc4 {[%emt 0:00:30]} Qc7 {[%emt 0:03:30]} 26. Rxd8 {[%emt 0:06:30]} Rxd8 {[%emt 0:00:30]} 27. Qe3 {[%emt 0:18:30]} Ng4 {[%emt 0:01:30]} 28. Qg3 {[%emt 0:00:00]} Qxg3 {[%emt 0:01:30]} 29. hxg3 {[%emt 0:00:00]} Rd2 {[%emt 0:00:30]} 30. f3 {[%emt 0:01:30]} Ne3 {[%emt 0:02:30]} 31. Bf1 {[%emt 0:00:30]} Rc2 {[%emt 0:04:30]} 32. Re1 {[%emt 0:03:51]} Rc3 {[%emt 0:00:30]} 33. Bd3 {[%emt 0:00:45]} b6 {[%emt 0:01:30]} 34. Rxe3 {[%emt 0:01:08]} bxc5 {[%emt 0:00:00]} 35. bxc5 {[%emt 0:00:36]} Rxa3 {[%emt 0:00:00]} 36. Kf2 {[%emt 0:01:12]} Rc3 {[%emt 0:01:30]} 37. Be2 {[%emt 0:00:17]} Rxc5 {[%emt 0:03:30]} 38. Rb3 {[%emt 0:01:30]} Kh7 {[%emt 0:01:30]} 39. Rb8 $11 {[%emt 0:00:25]} Be6 {[%emt 0:00:30]} 40. Bxa6 {[%emt 0:00:00]} Rc2+ {[%emt 0:00:00]} 41. Kg1 {[%emt 0:02:16]} c5 {[%emt 0:04:00]} 42. g4 {[%emt 0:02:30]} Kg6 {[%emt 0:02:30]} 43. Kh2 {[%emt 0:01:30]} Kf6 {[%emt 0:00:30]} 44. Kg3 {[%emt 0:00:30]} g5 {[%emt 0:00:00]} 45. Rh8 {[%emt 0:02:30]} Kg7 {[%emt 0:02:00]} 46. Rd8 {[%emt 0:00:30]} c4 {[%emt 0:00:00]} 47. Bc8 {[%emt 0:03:30]} Kf6 {[%emt 0:01:00]} 48. Bxe6 {[%emt 0:00:30]} Kxe6 {[%emt 0:00:30]} 49. Rd5 {[%emt 0:01:30]} c3 {[%emt 0:09:30]} 50. f4 {[%emt 0:03:30]} Rd2 {[%emt 0:00:30]} 51. f5+ {[%emt 0:00:30]} Ke7 {[%emt 0:00:30]} 52. Rc5 {[%emt 0:00:30]} Rd3+ {[%emt 0:00:30]} 53. Kf2 {[%emt 0:01:30]} Kd6 {[%emt 0:00:00]} 54. Rc4 {[%emt 0:00:30]} Ke5 {[%emt 0:01:00]} 55. g3 {[%emt 0:00:30]} f6 {[%emt 0:00:30]} 56. Kg2 {[%emt 0:09:30]} Re3 {[%emt 0:04:30]} 57. Kf2 {[%emt 0:00:30]} Rxe4 {[%emt 0:05:30]} 58. Rxc3 {[%emt 0:00:30]} Rxg4 {[%emt 0:00:00]} 59. Kf3 {[%emt 0:00:00]} Rd4 {[%emt 0:02:00]} 60. g4 {[%emt 0:00:00]} Rf4+ {[%emt 0:04:30]} 61. Kg3 {[%emt 0:00:30]} h5 {[%emt 0:00:30]} 62. gxh5 {[%emt 0:00:00]} Kxf5 {[%emt 0:00:30]} 63. Rc8 {[%emt 0:02:00]} Rg4+ {[%emt 0:00:30]} 64. Kf3 {[%emt 0:00:30]} Rh4 {[%emt 0:00:30]} 65. Rh8 {[%emt 0:00:30]} Rh3+ {[%emt 0:00:30]} 66. Kg2 {[%emt 0:00:30]} Kg4 {[%emt 0:00:30]} 67. h6 {[%emt 0:00:30]} f5 {[%emt 0:00:30]} 68. h7 {[%emt 0:00:30]} f4 {[%emt 0:00:00]} 69. Kf2 {[%emt 0:02:30]} f3 {[%emt 0:00:00]} 70. Ra8 {[%emt 0:07:29]} Rh2+ {[%emt 0:00:30]} 71. Ke3 {[%emt 0:01:01]} Rxh7 {[%emt 0:00:30]} 0-1

[Event "World Junior U20 Girls 2018"]
[Site "Gebze"]
[Date "2018.09.11"]
[Round "7"]
[White "Sankova, Stella"]
[Black "Yorgun, Yaren Naz"]
[Result "1-0"]
[WhiteElo "2081"]
[BlackElo "1751"]
[Annotator "NA"]
[PlyCount "89"]
[EventDate "2018.09.05"]
[EventType "swiss"]
[EventCountry "TUR"]
[SourceTitle "playchess.com"]
[Source "ChessBase"]
[SourceQuality "1"]
[TimeControl "40/5400+30:1800+30"]

1. e4 {[%emt 0:00:30]} e6 {[%emt 0:00:30]} 2. d4 {[%emt 0:00:30]} d5 {[%emt 0:00:30]} 3. Nc3 {[%emt 0:00:30]} dxe4 {[%emt 0:00:00]} 4. Nxe4 {[%emt 0:00:00]} Nd7 {[%emt 0:00:00]} 5. Nf3 {[%emt 0:01:00]} Ngf6 {[%emt 0:00:00]} 6. Bd3 {[%emt 0:01:30]} Be7 {[%emt 0:03:00]} 7. c3 {[%emt 0:00:30]} O-O {[%emt 0:01:30]} 8. Qe2 {[%emt 0:05:30] C10: French with 3 Nc3: Unusual Black 3rd moves and 3...dxe4} c5 {[%emt 0:04:30]} (8... b6 9. g4 Bb7 10. g5 Nxe4 11. Bxe4 Bxe4 12. Qxe4 c5 {½-½ (12) Bruedigam,M (2408)-Stupak,K (2558) Police 2016}) 9. Bg5 {[%emt 0:03:30]} cxd4 {[%emt 0:08:30]} 10. Nxd4 {[%emt 0:00:30]} Ne5 {[%emt 0:23:30]} 11. Bc2 $146 {[%emt 0:01:30]} ({Predecessor:} 11. Nxf6+ Bxf6 12. Bxf6 Nxd3+ 13. Qxd3 Qxf6 14. O-O e5 {½-½ (15) Gerencer,J (2143)-Tamas,G (2148) Hungary 2007}) 11... Nxe4 {[%emt 0:02:30]} 12. Qxe4 {[%emt 0:01:30]} Ng6 {[%emt 0:03:30]} 13. Bxe7 {[%emt 0:11:30]} Qxe7 {[%emt 0:00:30]} 14. h4 {[%emt 0:08:30]} f5 {[%emt 0:02:30]} 15. Qf3 {[%emt 0:01:30]} Qf6 {[%emt 0:13:30]} 16. O-O-O {[%emt 0:04:30]} e5 {[%emt 0:04:30]} 17. Bb3+ {[%emt 0:00:30]} Kh8 {[%emt 0:00:30]} 18. Nb5 {[%emt 0:00:30]} e4 {[%emt 0:00:30]} 19. Qe3 {[%emt 0:00:30]} Ne5 {[%emt 0:11:12]} 20. Nc7 {[%emt 0:10:30]} Rb8 {[%emt 0:03:01]} 21. Qxa7 {[%emt 0:01:30]} Bd7 {[%emt 0:01:36]} 22. Nd5 {[%emt 0:02:30]} Qh6+ $16 {[%emt 0:01:53]} 23. Kb1 {[%emt 0:00:30]} Nd3 {[%emt 0:04:02]} 24. Bc2 {[%emt 0:08:30]} Bc6 {[%emt 0:03:07]} 25. Nb4 {[%emt 0:09:30]} Ra8 {[%emt 0:01:43]} 26. Qb6 {[%emt 0:01:30]} Nxb4 {[%emt 0:02:34]} 27. Qxb4 {[%emt 0:00:30]} Qf4 {[%emt 0:00:24]} 28. Qd4 {[%emt 0:04:30]} Qc7 {[%emt 0:01:10]} 29. h5 {[%emt 0:08:15]} Rfd8 {[%emt 0:00:54]} 30. Qb4 {[%emt 0:00:12]} h6 {[%emt 0:01:05]} 31. Bb3 {[%emt 0:02:14]} Rxd1+ {[%emt 0:00:43]} 32. Rxd1 {[%emt 0:01:58]} Rd8 {[%emt 0:00:08]} 33. Rd4 {[%emt 0:01:42]} f4 {[%emt 0:01:27]} 34. a3 {[%emt 0:03:33]} e3 {[%emt 0:00:53]} 35. Rxf4 {[%emt 0:02:56]} Qb8 {[%emt 0:01:06]} 36. fxe3 {[%emt 0:00:26]} Bxg2 {[%emt 0:00:18]} 37. Qe7 {[%emt 0:01:35]} Re8 {[%emt 0:00:28]} 38. Qf7 {[%emt 0:00:55]} Be4+ {[%emt 0:00:27]} 39. Ka2 {[%emt 0:00:47]} Qe5 {[%emt 0:00:31]} 40. Rf1 {[%emt 0:00:00]} Bd3 {[%emt 0:00:00]} 41. Rg1 {[%emt 0:04:57]} Rb8 {[%emt 0:02:48]} 42. Rg2 {[%emt 0:09:18]} Bh7 {[%emt 0:03:30]} 43. Qf4 {[%emt 0:03:46]} Qe8 {[%emt 0:01:30]} 44. Rf2 {[%emt 0:03:37]} Be4 {[%emt 0:03:30]} 45. Bf7 {[%emt 0:01:41]} 1-0

[Event "World Junior U20 Girls 2018"]
[Site "Gebze"]
[Date "2018.09.11"]
[Round "7"]
[White "Bai, Xue"]
[Black "Can, Isil"]
[Result "1/2-1/2"]
[WhiteElo "2073"]
[BlackElo "1798"]
[Annotator "NA"]
[PlyCount "100"]
[EventDate "2018.09.05"]
[EventType "swiss"]
[EventCountry "TUR"]
[SourceTitle "playchess.com"]
[Source "ChessBase"]
[SourceQuality "1"]
[TimeControl "40/5400+30:1800+30"]

1. e4 {[%emt 0:00:30]} e5 {[%emt 0:00:30]} 2. Nf3 {[%emt 0:00:30]} Nc6 {[%emt 0:00:30]} 3. Bb5 {[%emt 0:00:30]} a6 {[%emt 0:00:00]} 4. Ba4 {[%emt 0:00:00]} Nf6 {[%emt 0:00:00]} 5. O-O {[%emt 0:00:00]} Be7 {[%emt 0:00:30]} 6. Re1 {[%emt 0:00:00]} b5 {[%emt 0:00:00]} 7. Bb3 {[%emt 0:00:00]} d6 {[%emt 0:00:00]} 8. c3 {[%emt 0:00:00]} O-O {[%emt 0:00:00]} 9. h3 {[%emt 0:00:00]} Nb8 {[%emt 0:00:00]} 10. d4 {[%emt 0:00:30]} Nbd7 {[%emt 0:00:00]} 11. Bg5 {[%emt 0:00:30]} Bb7 {[%emt 0:00:00]} 12. Nbd2 {[%emt 0:00:30]} Re8 {[%emt 0:12:30] C95: Closed Ruy Lopez: Breyer Variation with 10 d4} 13. Bc2 {[%emt 0:07:30]} Bf8 {[%emt 0:00:30]} 14. Nf1 {[%emt 0:01:30]} h6 {[%emt 0:09:30] LiveBook: 66 Partien} 15. Bxf6 {[%emt 0:06:30]} (15. Bh4 exd4 16. cxd4 c5 17. N1d2 cxd4 18. Nxd4 Qb6 19. N4f3 Rac8 20. Rc1 g6 21. Bb1 Rxc1 22. Qxc1 Bg7 23. Qd1 {1-0 (61) Harikrishna,P (2744)-Amin,B (2689) Riadh 2017}) 15... Nxf6 {[%emt 0:00:30]} 16. Ng3 {[%emt 0:00:30]} g6 {[%emt 0:01:30]} 17. Qe2 $146 {[%emt 0:03:30]} ({Predecessor:} 17. b4 Qd7 18. a4 Bg7 19. axb5 axb5 20. Rxa8 Bxa8 21. Qa1 Qc6 {1-0 (59) Nemeth,B (1810)-Kiraly,B (1541) Fertoszentmiklos 2016}) 17... Bg7 {[%emt 0:00:30]} 18. Rad1 {[%emt 0:00:30]} Qe7 {[%emt 0:00:30]} 19. a4 {[%emt 0:01:30]} c6 {[%emt 0:00:30]} 20. dxe5 {[%emt 0:04:30]} dxe5 {[%emt 0:00:30]} 21. Rd2 {[%emt 0:00:30]} Rad8 {[%emt 0:09:30]} 22. Red1 {[%emt 0:00:00]} Nd7 {[%emt 0:01:30]} 23. Qe3 {[%emt 0:01:00]} Nf8 {[%emt 0:03:30]} 24. Qb6 {[%emt 0:16:30]} Ne6 {[%emt 0:04:30]} 25. b4 {[%emt 0:06:30]} Rxd2 {[%emt 0:03:30]} 26. Rxd2 {[%emt 0:07:30]} Rd8 {[%emt 0:00:30]} 27. Bb3 {[%emt 0:00:30]} Rxd2 {[%emt 0:00:30]} 28. Nxd2 {[%emt 0:00:30]} Qc7 {[%emt 0:00:30]} 29. Qe3 {[%emt 0:00:30]} Bc8 {[%emt 0:13:30]} 30. Ne2 {[%emt 0:03:30]} bxa4 {[%emt 0:06:30]} 31. Bxa4 {[%emt 0:00:30]} c5 {[%emt 0:00:00]} 32. Kh2 {[%emt 0:09:30]} Bf8 {[%emt 0:06:00]} 33. bxc5 {[%emt 0:06:30]} Nxc5 {[%emt 0:00:30]} 34. Bc2 {[%emt 0:00:30]} Be6 {[%emt 0:00:30]} 35. c4 {[%emt 0:00:30]} a5 {[%emt 0:00:30]} 36. Nc3 {[%emt 0:00:30]} Kg7 {[%emt 0:05:30]} 37. Nb5 {[%emt 0:00:30]} Qc6 {[%emt 0:00:30]} 38. Qc3 {[%emt 0:00:00]} a4 {[%emt 0:02:30]} 39. Qxe5+ {[%emt 0:01:00]} Kh7 {[%emt 0:00:30]} 40. Qc3 {[%emt 0:00:00]} Qa6 {[%emt 0:00:00]} 41. f4 $11 {[%emt 0:02:00]} Bd7 {[%emt 0:05:00]} 42. f5 {[%emt 0:02:30]} Bxb5 {[%emt 0:03:30]} 43. cxb5 {[%emt 0:00:30]} Qxb5 {[%emt 0:00:30]} 44. Qf6 {[%emt 0:00:30]} Qe8 {[%emt 0:00:00]} 45. Qc3 {[%emt 0:04:30]} Bd6+ {[%emt 0:05:00]} 46. g3 {[%emt 0:02:30]} Qe5 {[%emt 0:03:30]} 47. Nb1 {[%emt 0:17:30]} Qxc3 {[%emt 0:07:30]} 48. Nxc3 {[%emt 0:00:30]} a3 {[%emt 0:00:30]} 49. Kg2 {[%emt 0:00:30]} Na6 {[%emt 0:01:30]} 50. Bb3 {[%emt 0:00:30]} gxf5 {[%emt 0:00:30]} 1/2-1/2

[Event "World Junior U20 Girls 2018"]
[Site "Gebze"]
[Date "2018.09.11"]
[Round "7"]
[White "Li, Yunshan"]
[Black "Du, Yuxin"]
[Result "1-0"]
[WhiteElo "2060"]
[BlackElo "2146"]
[Annotator "ChessBase"]
[PlyCount "117"]
[EventDate "2018.09.05"]
[EventType "swiss"]
[EventCountry "TUR"]
[SourceTitle "playchess.com"]
[Source "ChessBase"]
[SourceQuality "1"]
[TimeControl "40/5400+30:1800+30"]

1. d4 {[%emt 0:00:30]} Nf6 {[%emt 0:00:30]} 2. c4 {[%emt 0:00:00]} e6 {[%emt 0:00:30]} 3. g3 {[%emt 0:00:00]} c5 {[%emt 0:00:30]} 4. Nf3 {[%emt 0:00:30]} cxd4 {[%emt 0:00:30]} 5. Nxd4 {[%emt 0:00:30]} d5 {[%emt 0:00:00]} 6. Bg2 {[%emt 0:00:00]} e5 {[%emt 0:01:00]} 7. Nb3 {[%emt 0:00:00]} d4 {[%emt 0:00:30]} 8. O-O {[%emt 0:00:30]} Nc6 {[%emt 0:01:30]} 9. Bg5 {[%emt 0:00:30]} Be7 {[%emt 0:09:30]} 10. e3 {[%emt 0:00:30]} dxe3 {[%emt 0:43:30]} 11. Qxd8+ {[%emt 0:05:30]} Nxd8 {[%emt 0:03:30]} 12. Bxe3 {[%emt 0:00:30]} Be6 {[%emt 0:22:49]} 13. Na5 {[%emt 0:10:30]} O-O {[%emt 0:00:37]} 14. Nc3 {[%emt 0:04:30]} Bb4 {[%emt 0:02:19]} 15. Nxb7 {[%emt 0:00:30]} Bxc4 {[%emt 0:00:30]} 16. Rfc1 {[%emt 0:00:30]} Nxb7 {[%emt 0:00:30]} 17. Bxb7 {[%emt 0:00:30]} Rab8 {[%emt 0:00:30]} 18. Bg2 {[%emt 0:00:30]} a5 {[%emt 0:05:23]} 19. Ne4 {[%emt 0:20:30]} Nxe4 {[%emt 0:00:24]} 20. Rxc4 {[%emt 0:00:30]} Nd6 {[%emt 0:00:33]} 21. Rc6 {[%emt 0:01:30]} Nf5 {[%emt 0:01:31]} 22. Ba7 {[%emt 0:01:30]} Rbc8 {[%emt 0:01:45]} 23. Ra6 {[%emt 0:05:30]} g6 {[%emt 0:01:37]} 24. Bb6 {[%emt 0:13:30]} Rc2 {[%emt 0:00:48]} 25. Bxa5 {[%emt 0:01:30]} Bxa5 {[%emt 0:01:18]} 26. Rxa5 {[%emt 0:00:30]} Rd8 {[%emt 0:00:19]} 27. Ra8 {[%emt 0:04:30]} Rxa8 {[%emt 0:00:30]} 28. Bxa8 {[%emt 0:00:30]} Rxb2 {[%emt 0:00:00]} 29. a4 {[%emt 0:00:30]} Nd4 {[%emt 0:00:36]} 30. a5 {[%emt 0:00:30]} Nb5 {[%emt 0:00:45]} 31. a6 {[%emt 0:00:30]} Na7 {[%emt 0:00:34]} 32. Ra5 {[%emt 0:08:30]} Rb6 {[%emt 0:00:32]} 33. Bb7 {[%emt 0:00:30]} f6 {[%emt 0:00:29]} 34. Rd5 {[%emt 0:00:30]} Kg7 {[%emt 0:00:34]} 35. Rd8 {[%emt 0:00:30]} Kh6 {[%emt 0:00:32]} 36. h4 {[%emt 0:01:57]} Nb5 {[%emt 0:00:26]} 37. Rd5 {[%emt 0:00:23]} Na7 {[%emt 0:00:31]} 38. Kf1 {[%emt 0:04:54]} Rb1+ {[%emt 0:00:48]} 39. Ke2 {[%emt 0:00:11]} Rb2+ {[%emt 0:00:05]} 40. Rd2 {[%emt 0:00:00]} Rb6 {[%emt 0:00:00]} 41. Kd3 {[%emt 0:03:35]} g5 {[%emt 0:14:11]} 42. hxg5+ {[%emt 0:04:30]} Kxg5 {[%emt 0:00:09]} 43. Kc3 {[%emt 0:10:30]} f5 {[%emt 0:08:36]} 44. Rb2 {[%emt 0:02:30]} Rf6 {[%emt 0:05:00]} 45. Kc4 {[%emt 0:01:30]} f4 {[%emt 0:00:33]} 46. gxf4+ {[%emt 0:00:30]} exf4 {[%emt 0:00:23]} 47. Kc5 {[%emt 0:02:30]} h5 {[%emt 0:01:31]} 48. Rd2 {[%emt 0:02:30]} h4 {[%emt 0:02:40]} 49. Rd8 {[%emt 0:05:51]} h3 {[%emt 0:01:44]} 50. Rg8+ {[%emt 0:00:39]} Kf5 {[%emt 0:00:33]} 51. Ra8 {[%emt 0:01:15]} Rf7 {[%emt 0:00:47]} 52. Rxa7 {[%emt 0:02:07]} h2 {[%emt 0:00:24]} 53. Ra8 {[%emt 0:00:46]} Rxb7 {[%emt 0:00:30]} 54. axb7 {[%emt 0:02:47]} h1=Q {[%emt 0:00:08]} 55. b8=Q {[%emt 0:00:17]} Qc1+ {[%emt 0:00:21]} 56. Kd6 {[%emt 0:00:26]} Qd2+ {[%emt 0:00:57]} 57. Ke7 {[%emt 0:00:11]} Qe2+ {[%emt 0:00:33]} 58. Kf8 {[%emt 0:00:09]} Qxf2 {[%emt 0:00:28]} 59. Qc8+ {[%emt 0:02:49]} 1-0

[Event "World Junior U20 Girls 2018"]
[Site "Gebze"]
[Date "2018.09.11"]
[Round "7"]
[White "Malatsilava, Volha"]
[Black "Hereklioglu, Sude"]
[Result "1-0"]
[WhiteElo "2040"]
[BlackElo "1930"]
[Annotator "NA"]
[PlyCount "67"]
[EventDate "2018.09.05"]
[EventType "swiss"]
[EventCountry "TUR"]
[SourceTitle "playchess.com"]
[Source "ChessBase"]
[SourceQuality "1"]
[TimeControl "40/5400+30:1800+30"]

1. e4 {[%emt 0:00:30]} c5 {[%emt 0:00:30]} 2. Nf3 {[%emt 0:00:30]} e6 {[%emt 0:00:00]} 3. d4 {[%emt 0:00:00]} cxd4 {[%emt 0:00:00]} 4. Nxd4 {[%emt 0:00:00]} Nc6 {[%emt 0:00:00]} 5. Nc3 {[%emt 0:00:00]} Qc7 {[%emt 0:00:00]} 6. Be2 {[%emt 0:00:00]} a6 {[%emt 0:00:30]} 7. O-O {[%emt 0:00:00]} b5 {[%emt 0:01:30]} 8. Nxc6 {[%emt 0:00:00]} dxc6 {[%emt 0:01:30]} 9. Be3 {[%emt 1:33:30]} Bb7 {[%emt 0:15:30]} 10. f4 {[%emt 0:00:00]} Rd8 {[%emt 0:16:30]} 11. Qe1 {[%emt 0:00:00]} Nf6 {[%emt 0:00:30]} 12. Bf3 {[%emt 0:00:00]} c5 {[%emt 0:14:30]} 13. e5 {[%emt 0:00:00] LiveBook: 4 Games} Nd5 {[%emt 0:04:30]} 14. Nxd5 {[%emt 0:00:00]} Bxd5 {[%emt 0:01:30]} 15. Bxd5 {[%emt 0:00:00]} Rxd5 {[%emt 0:00:30]} 16. c4 {[%emt 0:00:00]} Rd8 {[%emt 0:06:30]} 17. Qf2 $11 {[%emt 0:00:00]} Be7 {[%emt 0:07:30]} 18. cxb5 {[%emt 0:00:00]} axb5 {[%emt 0:01:30]} 19. b4 {[%emt 0:00:00]} Rd5 {[%emt 0:07:22]} 20. bxc5 {[%emt 0:00:00]} Bxc5 {[%emt 0:01:26]} 21. Rac1 {[%emt 0:00:00]} Bxe3 {[%emt 0:00:02]} 22. Qxe3 {[%emt 0:00:00]} Qd8 {[%emt 0:02:00]} 23. Qa3 {[%emt 0:00:00]} h5 {[%emt 0:07:39]} 24. Qb4 {[%emt 0:00:00]} h4 {[%emt 0:02:10]} 25. h3 {[%emt 0:00:00]} Rh6 {[%emt 0:05:56]} 26. Rc6 {[%emt 0:00:00]} Rg6 {[%emt 0:00:13]} 27. Rd6 {[%emt 0:01:20]} Qa8 {[%emt 0:01:32]} 28. Rf2 {[%emt 0:00:40]} Rg3 {[%emt 0:00:50]} 29. Rd2 {[%emt 0:04:02]} Qb7 {[%emt 0:00:24]} 30. Qa5 {[%emt 0:01:05]} Rxd6 {[%emt 0:00:44]} 31. exd6 {[%emt 0:00:10]} Kd7 {[%emt 0:00:00]} 32. Rc2 {[%emt 0:00:36]} Ke8 {[%emt 0:01:45]} 33. Qc7 {[%emt 0:00:15]} Qxc7 {[%emt 0:00:28]} 34. dxc7 {[%emt 0:00:05]} 1-0

[Event "World Junior U20 Girls 2018"]
[Site "Gebze"]
[Date "2018.09.11"]
[Round "7"]
[White "Gomez Barrera, Javiera Belen"]
[Black "Koo, Wei Xin Rosamund"]
[Result "1-0"]
[WhiteElo "2035"]
[BlackElo "1918"]
[Annotator "NA"]
[PlyCount "91"]
[EventDate "2018.09.05"]
[EventType "swiss"]
[EventCountry "TUR"]
[SourceTitle "playchess.com"]
[Source "ChessBase"]
[SourceQuality "1"]
[TimeControl "40/5400+30:1800+30"]

1. e4 {[%emt 0:00:30]} c5 {[%emt 0:00:30]} 2. Nf3 {[%emt 0:00:30]} Nc6 {[%emt 0:00:00]} 3. d4 {[%emt 0:00:00]} cxd4 {[%emt 0:00:00]} 4. Nxd4 {[%emt 0:00:00]} Nf6 {[%emt 0:00:00]} 5. Nc3 {[%emt 0:00:00]} g6 {[%emt 0:00:00]} 6. Nxc6 {[%emt 0:00:00]} bxc6 {[%emt 0:01:30]} 7. e5 {[%emt 0:00:30]} Ng8 {[%emt 0:01:30]} 8. Bc4 {[%emt 0:00:00]} Bg7 {[%emt 0:04:30]} 9. Bf4 {[%emt 0:02:00]} Qa5 {[%emt 0:12:30]} 10. Qf3 {[%emt 0:03:30]} e6 {[%emt 0:12:30]} 11. O-O {[%emt 0:29:30]} Bxe5 {[%emt 0:02:30]} 12. b4 {[%emt 0:03:30]} Qc7 {[%emt 0:07:30]} 13. Nb5 {[%emt 0:01:30]} Qb8 {[%emt 0:00:00]} 14. Bxe5 {[%emt 0:00:30]} Qxe5 {[%emt 0:00:00]} 15. Rfe1 {[%emt 0:00:30]} Qb8 $16 {[%emt 0:05:30]} 16. Rad1 {[%emt 0:20:30]} d5 {[%emt 0:06:30]} 17. Bxd5 {[%emt 0:21:45]} cxd5 {[%emt 0:04:30]} 18. Qxd5 {[%emt 0:00:30]} Kf8 {[%emt 0:00:30]} 19. Qc5+ {[%emt 0:00:30]} Kg7 {[%emt 0:00:30]} 20. Nc7 {[%emt 0:00:30]} Nf6 {[%emt 0:00:30]} 21. Nxa8 {[%emt 0:00:30]} Qxa8 {[%emt 0:00:30]} 22. Qe5 {[%emt 0:00:30]} Qc6 {[%emt 0:00:30]} 23. Rd3 {[%emt 0:11:31]} Qb6 {[%emt 0:13:30]} 24. Rf3 {[%emt 0:01:39]} Qd8 {[%emt 0:00:00]} 25. c4 {[%emt 0:01:02]} Bb7 {[%emt 0:01:00]} 26. Rf4 {[%emt 0:00:01]} h5 {[%emt 0:00:30]} 27. h4 {[%emt 0:00:21]} Qe7 {[%emt 0:02:30]} 28. f3 {[%emt 0:01:25]} Qd8 {[%emt 0:04:30]} 29. Rf1 {[%emt 0:01:08]} Rh6 {[%emt 0:00:30]} 30. b5 {[%emt 0:00:00]} Rh8 {[%emt 0:00:51]} 31. a4 {[%emt 0:00:22]} Rh6 {[%emt 0:00:45]} 32. a5 {[%emt 0:00:24]} a6 {[%emt 0:00:34]} 33. Rb1 {[%emt 0:00:48]} Rh8 {[%emt 0:01:09]} 34. bxa6 {[%emt 0:00:28]} Ba8 {[%emt 0:01:09]} 35. a7 {[%emt 0:00:23]} Qe7 {[%emt 0:00:26]} 36. Kh2 {[%emt 0:00:37]} Bc6 {[%emt 0:02:08]} 37. Rb8 {[%emt 0:00:15]} Rd8 {[%emt 0:00:00]} 38. Qxf6+ {[%emt 0:00:47]} Qxf6 {[%emt 0:00:46]} 39. Rxf6 {[%emt 0:00:03]} Rd4 {[%emt 0:00:00]} 40. Rc8 {[%emt 0:00:00]} Kxf6 {[%emt 0:00:00]} 41. Rxc6 {[%emt 0:02:01]} Rd8 {[%emt 0:01:12]} 42. Rc7 {[%emt 0:00:30]} Ra8 {[%emt 0:00:30]} 43. c5 {[%emt 0:00:30]} e5 {[%emt 0:00:00]} 44. c6 {[%emt 0:03:30]} Ke6 {[%emt 0:00:00]} 45. Rb7 {[%emt 0:00:30]} Kd6 {[%emt 0:00:30]} 46. c7 {[%emt 0:00:30]} 1-0